| 000 | 01071cam a22003497a 4500 | ||
|---|---|---|---|
| 003 | CHAP | ||
| 005 | 20220329134613.0 | ||
| 008 | 971013s1967 r 00010 d | ||
| 010 | _a22917 | ||
| 011 | _a23889 | ||
| 035 | _a27986 | ||
| 040 | _cCHAP | ||
| 082 |
_a541.39 _bB7Y |
||
| 100 | 0 | 0 |
_aBradley, R. S. _914960 |
| 245 | 1 | 3 | _aLa química de la alta presión |
| 260 |
_aMadrid : _bAlhambra, _c1967 |
||
| 300 |
_a281 p. _b: ilus. ; gráfs. |
||
| 490 | 0 |
_aExedra _v; 13 |
|
| 590 |
_aBATCH-UPD _b10 _c20130110 _lUCH01 _h0332 |
||
| 590 |
_aBATCH-UPD _b10 _c20130110 _lUCH01 _h1757 |
||
| 590 |
_aBATCH-UPD _b10 _c20130410 _lUCH01 _h0005 |
||
| 590 |
_aBATCH-UPD _b10 _c20130410 _lUCH01 _h1515 |
||
| 590 |
_aBATCH-UPD _b10 _c20130914 _lUCH01 _h0746 |
||
| 590 |
_aCONVERSION _b10 _c20130109 _lUCH01 _h1313 |
||
| 650 | 1 | 4 |
_aPresión. _991526 |
| 650 | 1 | 4 |
_aQuímica _xReacciones. _993572 |
| 650 | 1 | 4 |
_aTermodinámica. _9112366 |
| 830 | 0 |
_aExedra _v; 13 _939042 |
|
| 901 | _aBK | ||
| 942 | _cLIBRO | ||
| 949 |
_a541.39 B7Y _bBC _cLIBRO _d33724000412045 _eLIBRO _gI. 126361 _h65903 _i27986 _si |
||
| 999 |
_c22917 _d22917 |
||